[Event "Sparkassen-Open A"]
[Site "Heusenstamm, Martinsee"]
[Date "2018.11.24"]
[Round "5.44"]
[White "Laux, Dominik"]
[Black "Schnabel, Bennett"]
[Result "1-0"]
[WhiteElo "1973"]
[BlackElo "2146"]
[PlyCount "115"]
[EventDate "2018.??.??"]
[WhiteTeam "VSG Offenbach"]
[BlackTeam "SV Mattnetz Berlin"]

1. d4 f5 2. Nf3 Nf6 3. g3 g6 4. Bg2 Bg7 5. c4 d6 6. b4 e5 7. dxe5 Ng4 8. Bb2
Nxe5 9. Nxe5 dxe5 10. Qxd8+ Kxd8 11. Nd2 c6 12. e4 Re8 13. Rd1 Kc7 14. f4 fxe4
15. Nxe4 Bg4 16. Rd2 exf4 17. Bxg7 f3 18. O-O Rxe4 19. Bxf3 Bxf3 20. Rxf3 Re7
21. Bf6 Rd7 22. Be5+ Kb6 23. Bd4+ c5 24. Rf6+ Nc6 25. Bxc5+ Kc7 26. Rxd7+ Kxd7
27. Rf7+ Ke6 28. Rxb7 Kf5 29. Rxh7 Rd8 30. Rf7+ Ke4 31. b5 Ne5 32. Rf4+ Kd3 33.
Bxa7 g5 34. Rf5 Ke4 35. Rf6 Nf3+ 36. Kg2 Rd2+ 37. Bf2 Ne1+ 38. Kf1 Nf3 39. h3
Rxa2 40. c5 Nd2+ 41. Kg2 Kd5 42. b6 Ne4 43. b7 Rb2 44. Rb6 Rxf2+ 45. Kg1 Rf8
46. b8=Q Rxb8 47. Rxb8 Nxg3 48. Kg2 Ne4 49. Rf8 Kxc5 50. Rf5+ Kc4 51. Kf3 Kd4
52. Kg4 Nd6 53. Kxg5 Ke4 54. Rf1 Ke5 55. h4 Ne4+ 56. Kg6 Ng3 57. Rf3 Ne4 58. h5
1-0

[Event "Sparkassen-Open A"]
[Site "Heusenstamm, Martinsee"]
[Date "2018.11.24"]
[Round "5.45"]
[White "Rudolph, Peter"]
[Black "MÃ¼dder, Rafael"]
[Result "1/2-1/2"]
[WhiteElo "2120"]
[BlackElo "1994"]
[PlyCount "28"]
[EventDate "2018.??.??"]
[WhiteTeam "SK GieÃŸen"]
[BlackTeam "SG Solingen"]

1. d4 d5 2. Nf3 c6 3. g3 Nf6 4. Bg2 Bf5 5. O-O h6 6. c4 e6 7. Nc3 Nbd7 8. b3
Ne4 9. Bb2 Ndf6 10. Nd2 Nxd2 11. Qxd2 Bb4 12. a3 Ba5 13. b4 Bc7 14. cxd5 cxd5
1/2-1/2

[Event "Sparkassen-Open A"]
[Site "Heusenstamm, Martinsee"]
[Date "2018.11.24"]
[Round "5.46"]
[White "Heindrich, Mark"]
[Black "Altenbernd, Jannis-Domenik"]
[Result "1/2-1/2"]
[WhiteElo "2116"]
[BlackElo "1990"]
[PlyCount "95"]
[EventDate "2018.??.??"]
[WhiteTeam "TuS Dotzheim"]
[BlackTeam "SG BÃ¼nde"]

1. e4 c5 2. Nf3 d6 3. Bb5+ Bd7 4. a4 Nc6 5. O-O g6 6. Re1 Bg7 7. c3 e5 8. Na3
Nge7 9. d3 O-O 10. Nc2 a6 11. Bc4 Rb8 12. Ne3 b5 13. axb5 axb5 14. Bb3 Qc8 15.
Nd5 Nxd5 16. Bxd5 Ne7 17. Bb3 Be6 18. Be3 b4 19. Bxe6 Qxe6 20. Ra6 bxc3 21.
bxc3 Qd7 22. Qa1 h6 23. Nd2 Qc7 24. Ra7 Rb7 25. Rxb7 Qxb7 26. Rb1 Qc7 27. Rb5
Rb8 28. Ra5 Bf8 29. h3 Nc6 30. Ra6 Rb6 31. Ra8 Rb8 32. Nc4 Qb7 33. Ra6 Qb1+ 34.
Qxb1 Rxb1+ 35. Kh2 Nb8 36. Ra8 Kg7 37. Kg3 g5 38. Kf3 Rb3 39. Ke2 Nd7 40. Kd2
Nb6 41. Nxb6 Rxb6 42. Kc2 Be7 43. Ra7 Bf6 44. Rd7 Kf8 45. g3 Kg7 46. Ra7 Kg6
47. f3 Kg7 48. Bf2 1/2-1/2

[Event "Sparkassen-Open A"]
[Site "Heusenstamm, Martinsee"]
[Date "2018.11.24"]
[Round "5.47"]
[White "Rondonuwu, Grover"]
[Black "Calvi, Stefan"]
[Result "1-0"]
[WhiteElo "2101"]
[BlackElo "1986"]
[PlyCount "67"]
[EventDate "2018.??.??"]
[WhiteTeam "Frankfurter TV"]
[BlackTeam "SF Frankfurt"]

1. d4 Nf6 2. Nf3 g6 3. Bf4 Bg7 4. e3 d6 5. h3 O-O 6. Be2 c5 7. c3 Nbd7 8. O-O
b6 9. a4 a6 10. Nbd2 Bb7 11. Qb1 Rc8 12. Rc1 cxd4 13. exd4 Rc7 14. Re1 Qa8 15.
Bf1 Re8 16. Bh2 Nd5 17. Qa2 Rec8 18. Rac1 Bh6 19. Rcd1 N7f6 20. c4 Nf4 21. d5
g5 22. Bxf4 gxf4 23. Nd4 Rd8 24. Qb3 Qc8 25. Qxb6 Nd7 26. Qb3 Nc5 27. Qc2 a5
28. Ne4 Bg7 29. Ng5 h6 30. Qh7+ Kf8 31. Nge6+ fxe6 32. dxe6 Ne4 33. Nf5 Be5 34.
Qf7# 1-0

[Event "Sparkassen-Open A"]
[Site "Heusenstamm, Martinsee"]
[Date "2018.11.24"]
[Round "5.48"]
[White "KÃ¼rschner, Matthias"]
[Black "Gallasch, Jonas"]
[Result "0-1"]
[WhiteElo "1985"]
[BlackElo "2100"]
[PlyCount "98"]
[EventDate "2018.??.??"]
[WhiteTeam "SK Langen"]
[BlackTeam "SG Porz"]

1. e4 c6 2. d4 d5 3. Nc3 dxe4 4. Nxe4 Bf5 5. Ng3 Bg6 6. Nf3 Nd7 7. Bd3 e6 8. c3
Ngf6 9. Bg5 Be7 10. Bxg6 hxg6 11. Qe2 Qb6 12. O-O O-O 13. Rfd1 Qc7 14. Rd2 b5
15. Rad1 Nb6 16. Ne5 Rac8 17. f4 a6 18. Kh1 Rfd8 19. h3 Nbd7 20. Nxd7 Rxd7 21.
Bxf6 Bxf6 22. Qf3 Rcd8 23. Nf1 Kh7 24. g3 c5 25. dxc5 Rxd2 26. Rxd2 Rxd2 27.
Nxd2 Qxc5 28. Ne4 Qc4 29. b3 Qc7 30. Nxf6+ gxf6 31. Qd3 Qc6+ 32. Kh2 e5 33.
fxe5 fxe5 34. c4 e4 35. cxb5 axb5 36. Qe2 Kg7 37. Qb2+ Kg8 38. a3 e3 39. Qe2
Qc3 40. Kg2 Qxb3 41. Kf3 Qxa3 42. Qxb5 e2+ 43. Kxe2 Qxg3 44. Qe8+ Kg7 45. Qd7
Qe5+ 46. Kf3 Kf6 47. Qd8+ Kg7 48. Qd7 Qe6 49. Qd8 Qf6+ 0-1

[Event "Sparkassen-Open A"]
[Site "Heusenstamm, Martinsee"]
[Date "2018.11.24"]
[Round "5.49"]
[White "Schmidt, Max"]
[Black "Mooser, Nicolas"]
[Result "1/2-1/2"]
[WhiteElo "1979"]
[BlackElo "2095"]
[PlyCount "85"]
[EventDate "2018.??.??"]
[WhiteTeam "Frankfurter TV"]
[BlackTeam "FC Ergolding"]

1. e4 c5 2. Nf3 e6 3. g3 Nc6 4. Bg2 Nf6 5. Qe2 Be7 6. c3 O-O 7. O-O a6 8. d4 b5
9. Rd1 cxd4 10. cxd4 d5 11. e5 Ne4 12. Ne1 h6 13. f3 Ng5 14. h4 Nh7 15. f4 Qb6
16. Be3 b4 17. f5 f6 18. fxe6 Bxe6 19. Nf3 fxe5 20. dxe5 Bc5 21. Bxc5 Qxc5+ 22.
Kh1 Bg4 23. Nbd2 Rae8 24. Rac1 Qb6 25. Qd3 Nxe5 26. Qxd5+ Nf7 27. Qc5 Qb8 28.
Qc7 Qxc7 29. Rxc7 Ne5 30. Nxe5 Rxe5 31. Rf1 Re2 32. Bd5+ Be6 33. Bxe6+ Rxe6 34.
Rxf8+ Kxf8 35. Nc4 Re2 36. Rb7 a5 37. Rb5 Rc2 38. Nxa5 Rxb2 39. Nc6 Rxa2 40.
Rxb4 Kf7 41. Ne5+ Kf6 42. Ng4+ Kg6 43. Kg1 1/2-1/2

[Event "Sparkassen-Open A"]
[Site "Heusenstamm, Martinsee"]
[Date "2018.11.24"]
[Round "5.50"]
[White "HeÃŸ, Steffen"]
[Black "Diez, Gerhard"]
[Result "1-0"]
[WhiteElo "2092"]
[BlackElo "1984"]
[PlyCount "83"]
[EventDate "2018.??.??"]
[WhiteTeam "SC GroÃŸ-Zimmern"]
[BlackTeam "SC Bad Nauheim"]

1. d4 Nf6 2. Nf3 b6 3. e3 c5 4. c3 e6 5. Bd3 Ba6 6. O-O Be7 7. Bxa6 Nxa6 8. Qd3
Nc7 9. e4 c4 10. Qxc4 Nxe4 11. Nbd2 Nf6 12. Qe2 O-O 13. Ne4 Nxe4 14. Qxe4 f5
15. Qe2 Bf6 16. Bf4 d6 17. h4 Qd7 18. Bg5 Rae8 19. Rad1 Qc6 20. Rd2 Nd5 21. Re1
b5 22. Qd1 h6 23. Bxf6 Rxf6 24. Nh2 Nf4 25. Qf3 Qxf3 26. Nxf3 g5 27. g3 Nh3+
28. Kg2 g4 29. Nh2 h5 30. f4 Rff8 31. Rde2 Kf7 32. Nf1 Re7 33. Ne3 Rfe8 34. Nc2
e5 35. dxe5 dxe5 36. Rxe5 Rxe5 37. fxe5 f4 38. Nd4 b4 39. e6+ Kf6 40. cxb4 Rd8
41. Re4 Re8 42. gxf4 1-0

[Event "Sparkassen-Open A"]
[Site "Heusenstamm, Martinsee"]
[Date "2018.11.24"]
[Round "5.51"]
[White "Seifert, Norbert"]
[Black "Eichner, Christian"]
[Result "1/2-1/2"]
[WhiteElo "1957"]
[BlackElo "2091"]
[PlyCount "49"]
[EventDate "2018.??.??"]
[WhiteTeam "SF Neuberg"]
[BlackTeam "SV TuR Dresden"]

1. e4 e5 2. Nf3 Nc6 3. Bc4 Nf6 4. d4 exd4 5. e5 d5 6. Bb5 Ne4 7. Nxd4 Bd7 8.
Bxc6 bxc6 9. O-O Bc5 10. Be3 O-O 11. f3 Ng5 12. f4 Ne4 13. Nd2 Nxd2 14. Qxd2 f6
15. Nf3 Bb6 16. Rae1 Bg4 17. exf6 Rxf6 18. Ne5 Bf5 19. Bxb6 axb6 20. a3 Be4 21.
Re3 Qe8 22. Qe2 Rd8 23. Rf2 Qf8 24. g3 Qe8 25. Ng4 1/2-1/2

[Event "Sparkassen-Open A"]
[Site "Heusenstamm, Martinsee"]
[Date "2018.11.24"]
[Round "5.52"]
[White "Scheitz, Michael"]
[Black "Teichert, Felix"]
[Result "0-1"]
[WhiteElo "2090"]
[BlackElo "1980"]
[PlyCount "84"]
[EventDate "2018.??.??"]
[WhiteTeam "Wiesbadener SV"]
[BlackTeam "Leegebrucher SF"]

1. c4 b6 2. Nc3 e6 3. Nf3 Bb7 4. e4 Bb4 5. Bd3 d6 6. O-O Bxc3 7. dxc3 Nf6 8.
Qe2 Nbd7 9. Bc2 O-O 10. Nd4 Nc5 11. f3 Qe8 12. Bg5 Kh8 13. Rae1 Ng8 14. Qf2 f6
15. Bc1 e5 16. Nf5 Ne6 17. Ne3 Nf4 18. Kh1 Ne7 19. Nd5 Nexd5 20. cxd5 Ba6 21.
Rg1 g5 22. Qe3 h5 23. g3 Nh3 24. Rg2 Rg8 25. b3 Qg6 26. c4 Raf8 27. Bd3 Bc8 28.
b4 Rg7 29. c5 Rgf7 30. g4 Nf4 31. Rg3 Rh7 32. Bf1 Rff7 33. Qf2 hxg4 34. fxg4
Rh4 35. cxb6 cxb6 36. Qc2 Bb7 37. h3 Nxd5 38. Bg2 Nf4 39. Rc3 Nxg2 40. Kxg2 f5
41. Rc8+ Kg7 42. Rc7 fxg4 0-1

[Event "Sparkassen-Open A"]
[Site "Heusenstamm, Martinsee"]
[Date "2018.11.24"]
[Round "5.53"]
[White "SchlÃ¶ÃŸner, Henrik"]
[Black "MÃ¼ller, Jochen"]
[Result "0-1"]
[WhiteElo "2088"]
[BlackElo "1967"]
[PlyCount "72"]
[EventDate "2018.??.??"]
[WhiteTeam "SK GrÃ¼ndau"]
[BlackTeam "Spvgg Stetten"]

1. e4 e5 2. Nf3 Nc6 3. Bb5 f5 4. Nc3 fxe4 5. Nxe4 Nf6 6. d3 d5 7. Nxe5 dxe4 8.
Nxc6 Qd7 9. Nxa7 c6 10. Nxc8 Qxc8 11. Bc4 Qc7 12. O-O O-O-O 13. Bg5 Bd6 14. g3
Kb8 15. a4 Qa5 16. Qd2 Qf5 17. Bxf6 gxf6 18. dxe4 Qh3 19. Qe3 h5 20. Rfd1 h4
21. Bf1 Qe6 22. a5 hxg3 23. fxg3 Qe5 24. Rxd6 Rxd6 25. a6 Qxb2 26. Ra3 Qxc2 27.
h4 Qd2 28. Qb3 Qd4+ 29. Kh2 b6 30. Bg2 Ka7 31. Ra2 Rf8 32. Qf3 Qe5 33. Qe3 Rh8
34. Kg1 Rd1+ 35. Kf2 Rhd8 36. Bf1 R8d4 0-1

[Event "Sparkassen-Open A"]
[Site "Heusenstamm, Martinsee"]
[Date "2018.11.24"]
[Round "5.54"]
[White "Olesiak, Marcin"]
[Black "Skarke, Harald"]
[Result "1-0"]
[WhiteElo "2043"]
[BlackElo "1958"]
[PlyCount "45"]
[EventDate "2018.??.??"]
[WhiteTeam "SV Oberursel"]
[BlackTeam "SF Neuberg"]

1. e4 c5 2. Nc3 e6 3. f4 a6 4. Nf3 Qc7 5. g3 b5 6. Bg2 Bb7 7. d3 d6 8. O-O Nf6
9. Qe1 Nfd7 10. Qf2 Be7 11. Bd2 O-O 12. Rae1 b4 13. Nd1 Bf6 14. g4 Nc6 15. g5
Bd4 16. Nxd4 cxd4 17. f5 Nde5 18. f6 Qd8 19. Qh4 Ng6 20. Qh5 Nce5 21. Bf4 gxf6
22. gxf6 Qxf6 23. Bg5 1-0

[Event "Sparkassen-Open A"]
[Site "Heusenstamm, Martinsee"]
[Date "2018.11.24"]
[Round "5.55"]
[White "Stock, JÃ¼rgen"]
[Black "Dickel, Jens"]
[Result "0-1"]
[WhiteElo "1941"]
[BlackElo "2077"]
[PlyCount "72"]
[EventDate "2018.??.??"]
[WhiteTeam "Sfr. Kelkheim"]
[BlackTeam "SV Kreuztal"]

1. d4 d5 2. e3 Nf6 3. Bd3 e6 4. Nd2 b6 5. c3 Bb7 6. f4 Bd6 7. Nh3 c5 8. O-O O-O
9. Qf3 Ba6 10. Bxa6 Nxa6 11. g4 Nc7 12. g5 Nfe8 13. Nf2 Be7 14. Kh1 Nd6 15. Qh5
f6 16. g6 hxg6 17. Qxg6 Nf5 18. Rg1 Qe8 19. Qg4 Rf7 20. Nf3 Bd6 21. Nh4 Nxh4
22. Qxh4 Kf8 23. Bd2 Ke7 24. Rae1 Qh8 25. Qg3 Kd7 26. Qg6 Re7 27. b4 cxb4 28.
cxb4 Qh4 29. Rg2 Rh8 30. Qc2 Kd8 31. Qc6 Rd7 32. Rc1 g5 33. Rcg1 f5 34. Be1 Qh5
35. Nd3 Qf3 36. Bf2 Rxh2+ 0-1

[Event "Sparkassen-Open A"]
[Site "Heusenstamm, Martinsee"]
[Date "2018.11.24"]
[Round "5.56"]
[White "Hinrichs, Hans-Uwe"]
[Black "Boder, Jan"]
[Result "0-1"]
[WhiteElo "2075"]
[BlackElo "1896"]
[PlyCount "106"]
[EventDate "2018.??.??"]
[WhiteTeam "SK Bingen"]
[BlackTeam "SG MÃ¶rsdorf-Lahr"]

1. e4 c5 2. Nc3 Nc6 3. g3 g6 4. Bg2 Bg7 5. d3 d6 6. Nh3 h5 7. O-O h4 8. g4 Nf6
9. f3 Bd7 10. Ng5 Nh7 11. h3 Nxg5 12. Bxg5 Qa5 13. Bd2 e6 14. f4 O-O-O 15. e5
dxe5 16. Ne4 Qc7 17. fxe5 Nxe5 18. Bg5 Rde8 19. Nf6 Bxf6 20. Bxf6 Rh7 21. Qe1
Nc6 22. Qf2 Ne7 23. Rae1 Bc6 24. Qxc5 Bxg2 25. Qxc7+ Kxc7 26. Kxg2 Nd5 27. Be5+
Kd7 28. c4 Nb4 29. Bc3 Nc6 30. Rf6 Ke7 31. Ref1 Rd8 32. R1f3 Nd4 33. Bxd4 Rxd4
34. g5 Kf8 35. Kf2 Rd7 36. Ke3 Rh5 37. R6f4 Rxg5 38. Rxh4 Rg2 39. Ke4 Rxb2 40.
Ke5 Ke7 41. Rh7 Re2+ 42. Kf4 Rxa2 43. Kg5 Ra5+ 44. Kg4 Rd4+ 45. Kg3 Rf5 46. Re3
Rh5 47. Rxh5 gxh5 48. Kf2 f5 49. Ke2 Kf6 50. Kd2 f4 51. Re1 e5 52. Ra1 e4 53.
Rxa7 Rxd3+ 0-1

[Event "Sparkassen-Open A"]
[Site "Heusenstamm, Martinsee"]
[Date "2018.11.24"]
[Round "5.57"]
[White "Haack, Kevin"]
[Black "StÃ¼mer, Paul"]
[Result "1/2-1/2"]
[WhiteElo "1911"]
[BlackElo "2074"]
[PlyCount "85"]
[EventDate "2018.??.??"]
[WhiteTeam "SC Bad Soden"]
[BlackTeam "SV Bergneustadt/Derschlag"]

1. c4 e5 2. g3 g6 3. Bg2 Bg7 4. Nc3 Ne7 5. e3 Nbc6 6. Nge2 O-O 7. O-O d6 8. d3
Rb8 9. Rb1 a5 10. a3 Bd7 11. b4 axb4 12. axb4 Qc8 13. Nd5 Nxd5 14. cxd5 Na7 15.
Qc2 Nb5 16. Bb2 f5 17. Rbc1 Qe8 18. Rce1 Qe7 19. f4 Rfe8 20. e4 Rbc8 21. Qd2 c6
22. dxc6 bxc6 23. fxe5 dxe5 24. d4 Qd6 25. Rd1 fxe4 26. dxe5 Qxd2 27. Rxd2 Bg4
28. h3 e3 29. Rc2 Bxe2 30. Rxe2 Bxe5 31. Bxe5 Rxe5 32. Rfe1 Nd4 33. Rxe3 Rxe3
34. Rxe3 Rb8 35. Ra3 Rxb4 36. Ra6 c5 37. Bd5+ Kg7 38. Ra7+ Kf6 39. Rxh7 c4 40.
Rc7 c3 41. Kf2 Ke5 42. Bf7 Rb6 43. Ke3 1/2-1/2

[Event "Sparkassen-Open A"]
[Site "Heusenstamm, Martinsee"]
[Date "2018.11.24"]
[Round "5.58"]
[White "Vlassis, Georgios"]
[Black "Kemper, Yannick"]
[Result "1-0"]
[WhiteElo "2053"]
[BlackElo "1890"]
[PlyCount "49"]
[EventDate "2018.??.??"]
[WhiteTeam "CCS of Thessaloniki"]
[BlackTeam "SK Ludwigshafen"]

1. Nf3 Nf6 2. d4 g6 3. Bg5 Bg7 4. Nbd2 O-O 5. c3 d6 6. e4 Nbd7 7. Be2 b6 8. O-O
Bb7 9. Qc2 c5 10. d5 h6 11. Bh4 Nh5 12. a4 a6 13. Ne1 Nf4 14. Bd1 g5 15. Bg3
Ng6 16. Nc4 Nde5 17. Ne3 c4 18. Nf5 b5 19. Nxg7 Kxg7 20. Nf3 Nd3 21. Nd4 Qd7
22. h4 Nxh4 23. Bxh4 gxh4 24. Nf5+ Kh7 25. Qd2 1-0

[Event "Sparkassen-Open A"]
[Site "Heusenstamm, Martinsee"]
[Date "2018.11.24"]
[Round "5.59"]
[White "Schmitt, Carsten"]
[Black "Oparaugo, Thomas"]
[Result "1/2-1/2"]
[WhiteElo "1913"]
[BlackElo "2052"]
[PlyCount "43"]
[EventDate "2018.??.??"]
[WhiteTeam "SV Bergwinkel"]
[BlackTeam "SV Oberursel"]

1. c4 Nf6 2. g3 c6 3. Bg2 d5 4. Nf3 h6 5. O-O Bf5 6. Qb3 Qb6 7. d3 Nbd7 8. Qxb6
Nxb6 9. cxd5 cxd5 10. Nc3 Bd7 11. a4 a6 12. a5 Nc8 13. e4 dxe4 14. dxe4 e6 15.
e5 Nd5 16. Nd4 Nce7 17. Re1 O-O-O 18. Nxd5 Nxd5 19. Bxd5 exd5 20. e6 Bxe6 21.
Nxe6 fxe6 22. Rxe6 1/2-1/2

[Event "Sparkassen-Open A"]
[Site "Heusenstamm, Martinsee"]
[Date "2018.11.24"]
[Round "5.60"]
[White "Thomas, Tobias"]
[Black "Azimi, Reza"]
[Result "0-1"]
[WhiteElo "1913"]
[BlackElo "2028"]
[PlyCount "180"]
[EventDate "2018.??.??"]
[WhiteTeam "SK Langen"]
[BlackTeam "MÃ¼nchener SC"]

1. c4 c5 2. g3 Nc6 3. Bg2 d6 4. Nc3 e5 5. d3 f5 6. e3 Be6 7. Nge2 Nf6 8. O-O
Be7 9. a3 O-O 10. Rb1 Qd7 11. b3 f4 12. exf4 Bh3 13. Ne4 Bxg2 14. Kxg2 Rad8 15.
Be3 Nd4 16. fxe5 Nxe4 17. dxe4 Nf3 18. Qd5+ Kh8 19. Nf4 Qg4 20. h3 Nh4+ 21. Kh2
Qf3 22. Qd1 dxe5 23. Qxf3 Nxf3+ 24. Kg2 exf4 25. Kxf3 fxe3+ 26. Kxe3 Rd4 27.
Rbd1 Rfd8 28. Rxd4 cxd4+ 29. Kd3 Bxa3 30. f4 a5 31. g4 Kg8 32. e5 Kf7 33. f5
Be7 34. Rh1 b6 35. h4 h6 36. Rh2 Rh8 37. Kxd4 Rd8+ 38. Ke4 Bc5 39. Rb2 Rd4+ 40.
Kf3 h5 41. gxh5 Rxh4 42. Rd2 Rxh5 43. Rd7+ Ke8 44. Rxg7 Rxf5+ 45. Ke4 Rf7 46.
Rg8+ Bf8 47. Rg6 Bc5 48. Rg8+ Rf8 49. Rg7 Rh8 50. Rg3 Rh7 51. Kd5 Ke7 52. Ke4
Rh4+ 53. Kf5 Rh5+ 54. Ke4 Rxe5+ 55. Kd3 Kd6 56. Rg6+ Re6 57. Rg8 Re3+ 58. Kc2
Ke5 59. Re8+ Kf4 60. Rd8 Kf3 61. Rh8 Kg2 62. Rg8+ Kf2 63. Rh8 Rg3 64. Rd8 Re3
65. Rh8 Kf1 66. Rh1+ Kg2 67. Rh8 Re2+ 68. Kd3 Rb2 69. Kc3 Ra2 70. Rg8+ Kf1 71.
Rh8 Ra3 72. Kc2 a4 73. bxa4 Rxa4 74. Kd3 Ra3+ 75. Ke4 Re3+ 76. Kd5 Rd3+ 77. Kc6
Ke2 78. Rh2+ Ke3 79. Rh3+ Kd4 80. Rh4+ Kc3 81. Kb5 Re3 82. Rf4 Kd3 83. Rh4 Re1
84. Rh3+ Be3 85. Rg3 Rb1+ 86. Kc6 Rh1 87. Kb5 Rh5+ 88. Kb4 Rh4 89. Kb5 Re4 90.
Rh3 Kc3 0-1

[Event "Sparkassen-Open A"]
[Site "Heusenstamm, Martinsee"]
[Date "2018.11.24"]
[Round "5.61"]
[White "3, Ralf"]
[Black "KÃ¶llner, Aaron Noah"]
[Result "1/2-1/2"]
[WhiteElo "1907"]
[BlackElo "2019"]
[PlyCount "120"]
[EventDate "2018.??.??"]
[WhiteTeam "SC Obertshausen"]
[BlackTeam "SG Bochum"]

1. d4 d5 2. Nf3 Nf6 3. c4 c6 4. cxd5 cxd5 5. Nc3 Nc6 6. Bf4 Bf5 7. e3 e6 8. Bb5
a6 9. Bd3 Bg6 10. h3 Bb4 11. O-O O-O 12. Ne5 Nxe5 13. Bxe5 Rc8 14. Bxg6 hxg6
15. Ne2 Ne4 16. a3 Bd6 17. Bxd6 Qxd6 18. Rc1 Rc6 19. Rxc6 Qxc6 20. Qc1 Rc8 21.
Qxc6 Rxc6 22. Rc1 Kf8 23. Rxc6 bxc6 24. f3 Nd2 25. Nc1 Nc4 26. Nd3 Nxe3 27. Ne5
Nc4 28. Nxc6 Nxb2 29. Nb4 a5 30. Nc2 Ke7 31. Kf1 Kd6 32. Ke2 Nc4 33. Kd3 Kc6
34. Kc3 g5 35. a4 Nb6 36. Kb3 Kd6 37. Ne3 e5 38. Nf5+ Ke6 39. Nxg7+ Kf6 40.
Ne8+ Ke7 41. Ng7 Kf6 42. Ne8+ Kf5 43. Nd6+ Ke6 44. dxe5 f6 45. Nb7 Kxe5 46. g3
Nc4 47. Kc3 f5 48. h4 f4 49. gxf4+ gxf4 50. h5 Kf5 51. h6 Kg6 52. h7 Kxh7 53.
Kd4 Kg6 54. Kxd5 Nb6+ 55. Ke5 Kg5 56. Nxa5 Nxa4 57. Nc6 Nb6 58. Nd4 Nc4+ 59.
Ke4 Nd2+ 60. Ke5 Nxf3+ 1/2-1/2

[Event "Sparkassen-Open A"]
[Site "Heusenstamm, Martinsee"]
[Date "2018.11.24"]
[Round "5.62"]
[White "Kirchner, Markus"]
[Black "Benninger, Rudolf"]
[Result "1-0"]
[WhiteElo "1887"]
[BlackElo "2042"]
[PlyCount "143"]
[EventDate "2018.??.??"]
[WhiteTeam "SF SchÃ¶neck"]
[BlackTeam "SC Heusenstamm"]

1. e4 g6 2. d4 Bg7 3. Nc3 c6 4. Be3 d5 5. h3 dxe4 6. Nxe4 Nd7 7. Nf3 Ngf6 8.
Nxf6+ Nxf6 9. Bd3 O-O 10. O-O Nd5 11. Qd2 Qc7 12. c4 Nxe3 13. fxe3 e5 14. d5 f5
15. e4 fxe4 16. Bxe4 Bf5 17. Bxf5 gxf5 18. dxc6 Rad8 19. Qg5 Qxc6 20. Nh4 Kh8
21. Nxf5 Rg8 22. Nxg7 Qb6+ 23. Kh1 Rxg7 24. Qxe5 Qg6 25. Rf2 Re8 26. Qc3 Kg8
27. Raf1 b6 28. Qd4 h6 29. Qd5+ Kh7 30. Qf5 Qxf5 31. Rxf5 Re2 32. R5f2 Rge7 33.
b3 Kg6 34. g3 Rxf2 35. Rxf2 h5 36. Kg2 a5 37. Rd2 Re6 38. a3 Kf7 39. Rd3 Kg6
40. Kf2 Rc6 41. Ke2 a4 42. bxa4 Rxc4 43. Rb3 Kf5 44. Kd3 Rc6 45. Rb5+ Kg6 46.
a5 bxa5 47. Rxa5 Rd6+ 48. Ke3 Rb6 49. Kf4 Rf6+ 50. Ke4 Re6+ 51. Kd4 Rd6+ 52.
Kc4 Rf6 53. h4 Rc6+ 54. Rc5 Ra6 55. Rg5+ Kh6 56. Kb4 Rb6+ 57. Ka5 Rb1 58. a4
Rb3 59. Ka6 Rb4 60. a5 Rb3 61. Ka7 Rb1 62. a6 Rb2 63. Ka8 Rb6 64. a7 Rb3 65.
Rg8 Kh7 66. Rb8 Rxg3 67. Rb6 Rg4 68. Kb7 Rg7+ 69. Ka6 Rg8 70. Rb8 Rg6+ 71. Kb5
Kh6 72. a8=Q 1-0

[Event "Sparkassen-Open A"]
[Site "Heusenstamm, Martinsee"]
[Date "2018.11.24"]
[Round "5.63"]
[White "Modric, Vladimir"]
[Black "Huschens, Matthias"]
[Result "0-1"]
[WhiteElo "1893"]
[BlackElo "1989"]
[PlyCount "64"]
[EventDate "2018.??.??"]
[WhiteTeam "SC Nied"]
[BlackTeam "SG Kaiserslautern"]

1. Nf3 d6 2. e4 c5 3. d3 Nc6 4. g3 Bg4 5. h3 Bh5 6. g4 Bg6 7. Bg2 e5 8. Nc3 h5
9. g5 h4 10. Nd5 Nge7 11. Ne3 Nd4 12. c3 Ne6 13. Qa4+ Qd7 14. Qxd7+ Kxd7 15.
Ng4 Nc6 16. Be3 Be7 17. Rd1 Rh5 18. d4 cxd4 19. cxd4 exd4 20. Nxd4 Bxg5 21.
Nxc6 bxc6 22. Bxg5 Rxg5 23. O-O Nf4 24. e5 d5 25. Rfe1 Rb8 26. b3 Bh5 27. Rd4
Bxg4 28. hxg4 Rxg4 29. Kf1 Nxg2 30. Rxg4 Nxe1 31. Kxe1 Rh8 32. Rxg7 h3 0-1

[Event "Sparkassen-Open A"]
[Site "Heusenstamm, Martinsee"]
[Date "2018.11.24"]
[Round "5.64"]
[White "Bethke, Robert"]
[Black "Mehlen, Theodor"]
[Result "1-0"]
[WhiteElo "2036"]
[BlackElo "1919"]
[PlyCount "57"]
[EventDate "2018.??.??"]
[WhiteTeam "SF Neuberg"]
[BlackTeam "SC Matt im Park"]

1. c4 Nf6 2. Nc3 e6 3. d4 d5 4. cxd5 exd5 5. Nf3 Ne4 6. e3 Bb4 7. Qc2 O-O 8.
Bd3 Bxc3+ 9. bxc3 Bf5 10. h3 Bg6 11. Ne5 Re8 12. Nxg6 hxg6 13. Rb1 b6 14. c4 c6
15. O-O Nd7 16. cxd5 cxd5 17. Ba6 Ndf6 18. Ba3 Nd6 19. Rfc1 Re6 20. Qd3 Nfe8
21. Rc2 Nc7 22. Bxd6 Qxd6 23. Rbc1 Nxa6 24. Qxa6 Re7 25. Rc6 Qb4 26. Rc8+ Rxc8
27. Qxc8+ Kh7 28. Qd8 Re6 29. Qh4+ 1-0

[Event "Sparkassen-Open A"]
[Site "Heusenstamm, Martinsee"]
[Date "2018.11.24"]
[Round "5.65"]
[White "Tuzi, Bruna"]
[Black "Mischke, Gabriel"]
[Result "1-0"]
[WhiteElo "1866"]
[BlackElo "2036"]
[PlyCount "127"]
[EventDate "2018.??.??"]
[WhiteTeam "SK GieÃŸen"]
[BlackTeam "TSV Schott Mainz"]

1. e4 e6 2. d4 d5 3. e5 c5 4. c3 Ne7 5. Nf3 Nbc6 6. a3 Bd7 7. b4 cxd4 8. cxd4
Ng6 9. Be2 a6 10. O-O Be7 11. Re1 O-O 12. Nbd2 f6 13. exf6 Bxf6 14. Nb3 Nh4 15.
Nxh4 Bxh4 16. Bf3 Qf6 17. Bb2 Rae8 18. Nc5 Bc8 19. Rc1 Re7 20. Rc2 Qg6 21. Bh5
Qh6 22. g3 Bf6 23. Bg4 Nd8 24. Nxa6 Bd7 25. Nc5 Bc6 26. Rce2 Bb5 27. Re3 Bg5
28. Rf3 Rfe8 29. Nb3 Ba4 30. h4 Bf6 31. Bc1 Qg6 32. Rd3 Qf7 33. Bb2 Rc7 34. Qb1
Rc4 35. Be2 Nc6 36. Re3 Bxb3 37. Rxb3 Bxd4 38. Rf3 Qc7 39. Bxc4 dxc4 40. Bxd4
Nxd4 41. Rc3 Nb5 42. Rce3 c3 43. a4 c2 44. Qb2 Nd4 45. Qxd4 c1=Q 46. Rxc1 Qxc1+
47. Kg2 Qc6+ 48. Qe4 Qxe4+ 49. Rxe4 Kf7 50. Rc4 Re7 51. a5 e5 52. b5 Ke6 53.
Kf3 Kd5 54. Rc1 Kd4 55. a6 bxa6 56. bxa6 Rf7+ 57. Ke2 Ra7 58. Ra1 h5 59. Ra5 g6
60. f3 Kc4 61. Ke3 Kb4 62. Ra1 Kc5 63. Ke4 Kd6 64. Ra5 1-0

[Event "Sparkassen-Open A"]
[Site "Heusenstamm, Martinsee"]
[Date "2018.11.24"]
[Round "5.66"]
[White "Ahrends, Norbert"]
[Black "BlÃ¼baum, Johanna"]
[Result "1-0"]
[WhiteElo "1856"]
[BlackElo "2027"]
[PlyCount "133"]
[EventDate "2018.??.??"]
[WhiteTeam "SV GroÃŸ-Gerau"]
[BlackTeam "SK Marburg"]

1. d4 d5 2. c4 e6 3. Nc3 Bb4 4. a3 Bxc3+ 5. bxc3 Nf6 6. Bg5 h6 7. Bh4 c6 8. Qb3
Nbd7 9. e3 O-O 10. f4 Qc7 11. Be2 Ne4 12. Nf3 b6 13. O-O Ba6 14. Ra2 Rac8 15.
cxd5 Bxe2 16. d6 Qxd6 17. Rxe2 c5 18. Nd2 Nxd2 19. Rxd2 c4 20. Qb4 Qd5 21. a4
f5 22. Qb5 Rfe8 23. Rb2 Nb8 24. Kf2 Nc6 25. Qxd5 exd5 26. Rb5 Na5 27. Rxd5 Rf8
28. h3 Nb3 29. Ke2 a6 30. g4 b5 31. axb5 a5 32. Be7 Rfe8 33. Ba3 fxg4 34. hxg4
Re4 35. Rd1 Rb8 36. Kf3 Rbe8 37. Re5 R4xe5 38. dxe5 Kf7 39. Rd7+ Ke6 40. Rxg7
Nd2+ 41. Ke2 Nb1 42. Bb2 Rb8 43. Kd1 Rxb5 44. Kc2 a4 45. Ra7 Nd2 46. Rxa4 Nf1
47. Bc1 Kd5 48. e4+ Kxe4 49. Rxc4+ Kd5 50. Ra4 Rb6 51. Kd3 Ke6 52. Kd4 Nh2 53.
f5+ Kf7 54. Kc5 Rb3 55. Bd2 Nf3 56. Ra7+ Ke8 57. Bxh6 Nxe5 58. Rg7 Nd7+ 59. Kd4
Rb1 60. Kc4 Rf1 61. Be3 Ne5+ 62. Kd5 Nd7 63. Bd4 Nf8 64. Kd6 Re1 65. Kc7 Re4
66. Bc5 Re2 67. Rg8 1-0

[Event "Sparkassen-Open A"]
[Site "Heusenstamm, Martinsee"]
[Date "2018.11.24"]
[Round "5.67"]
[White "Weiss, Matthias"]
[Black "Nyenhuis, Yannek"]
[Result "1/2-1/2"]
[WhiteElo "2032"]
[BlackElo "1892"]
[PlyCount "34"]
[EventDate "2018.??.??"]
[WhiteTeam "SF SchÃ¶neck"]
[BlackTeam "PSV Uelzen"]

1. e4 d6 2. d4 Nf6 3. Nc3 Nbd7 4. Nf3 e5 5. Bc4 Be7 6. O-O Nb6 7. Bb3 exd4 8.
Qxd4 O-O 9. Bg5 a5 10. a4 Nfd7 11. Bxe7 Qxe7 12. Rfe1 Nc5 13. Nd5 Nxd5 14. Bxd5
c6 15. Bc4 Be6 16. Bxe6 Nxe6 17. Qe3 Rfe8 1/2-1/2